Exportná garančná a poisťovacia spoločnosť - nový prvok našej finančnej infraštruktúry.
Vznik finančnej inštitúcie poskytujúcej vývozcom poistenie a záruky vývozných úverov proti politickým a dlhodobým ekonomickým rizikám. Exportná garančná a poisťovacia spoločnosť (EGAP) zriadená ako akciová spoločnosť so štátnou kapitálovou účasťou. Informačné a poradenské služby pre vývozcov - dopln...
Na minha lista:
| Autor principal: | |
|---|---|
| Formato: | Capítulo de Livro |
| Idioma: | eslovaco |
| Assuntos: | |
| Tags: |
Sem tags, seja o primeiro a adicionar uma tag!
|
MARC
| LEADER | 00000naa a2200000 4500 | ||
|---|---|---|---|
| 001 | r009904 | ||
| 005 | 20220831090322.2 | ||
| 041 | 0 | |a slo | |
| 044 | |a [CS] | ||
| 245 | 1 | 0 | |a Exportná garančná a poisťovacia spoločnosť - nový prvok našej finančnej infraštruktúry. |c P. Parízek |
| 520 | |a Vznik finančnej inštitúcie poskytujúcej vývozcom poistenie a záruky vývozných úverov proti politickým a dlhodobým ekonomickým rizikám. Exportná garančná a poisťovacia spoločnosť (EGAP) zriadená ako akciová spoločnosť so štátnou kapitálovou účasťou. Informačné a poradenské služby pre vývozcov - doplnková činnosť EGAP. | ||
| 610 | 2 | 0 | |a vývoz |
| 610 | 2 | 0 | |a ČSFR |
| 610 | 2 | 0 | |a poistenie |
| 610 | 2 | 0 | |a poisťovne |
| 610 | 2 | 0 | |a záruka |
| 610 | 2 | 0 | |a spoločnosti akciové |
| 610 | 2 | 0 | |a poradenstvo |
| 610 | 2 | 0 | |a infraštruktúra |
| 610 | 2 | 0 | |a riziko |
| 610 | 2 | 0 | |a EGAP, a.s. Praha |
| 100 | 1 | |a Parízek, P. | |